000 00816nam a2200277Ia 4500
003 OSt
005 20221006143953.0
006 a|||||r|||| 00| 0
007 ta
008 221006b |||||||| |||| 00| 0 eng d
020 _c211.00(total)
024 _a10,526
037 _cTextual
040 _aEASL
_cEASL
_beng
041 _2eng
_aeng
082 _aW6910aR, L9.1-.4
100 _aMEPHAM John Ed.
245 0 _aIssues in Marxist philosophy, 4 Vols.
260 _aSussex
_bHarvester Press
_c1979
300 _a173+170p.
_ccm.
490 _vV.1: Oth
_aMarxist theory and contemporary capitalism
500 _aLib has Vol.1-2 & 4
700 _a RUBEN David-Hillel Ed.
942 _hW6910aR, L9.1-.4
_cTEXL
_2CC
999 _c1078612
_d1078612